000 00583nam a2200217 i 4500
001 C2-0101032
003 PPAK
005 20180727095509.0
008 970525s1982 at |||| ||||| | may d
040 _aPPAK
_beng
_cPPAK
_erda
082 0 4 _a899.22132
_223
090 0 0 _a899.22132
_bTOE
_dG
100 1 _aToer, Pramoedya Ananta,
_eauthor
245 1 0 _aChild of all nation
264 1 _aVictoria :
_bPenguin Books ,
_c1982
300 _avii, 285 pages ;
_c20 cm
336 _2rdacontent
_atext
337 _2rdamedia
_aunmediated
338 _2rdacarrier
_avolume
942 _ddc
_cB
999 _c23064
_d23064